Statistics for Largest Bangladeshi Metro Areas A-Z

Click here to take the quiz!

General Stats

  • This quiz has been taken 14 times
  • The average score is 8 of 19

Answer Stats

HintPopulationAnswer% Correct
D11,086,309Dhaka
100%
C3,669,170Chittagong
80%
K1,046,341Khulna
70%
M389,918Mymensingh
60%
S526,412Sylhet
60%
B412,537Bogra
50%
G1,820,374Gazipur
50%
J253,019Jessore
50%
N1,636,441Narayanganj
50%
R763,952Rajshahi
50%
P190,317Pabna
40%
T167,412Tangail
30%
F156,971Feni
20%
I102,431Ishwardi
20%
L86,286Lakshmipur
20%
A78,372Alamdanga
10%
H86,514Hatiya
10%
U47,693Ullahpara
10%
Z20,806Zakiganj
10%

Score Distribution

Percentile by Number Answered

Percent of People with Each Score

Your Score History

You have not taken this quiz